000 00425cam a2200181ua 4500
020 _c2.50
041 _aeng
_h
082 _a516
_bSUB/PR
100 _aSubba Rao, K .
245 _aPre-university geometry /
_cK.Subba Rao.
_hTextual Documents
250 _a1 /
_b.
260 _aMadras :
_bCentral Art Press ,
_c1959.
300 _a172 ; .
365 _a2.50
504 _a
942 _cBK
999 _c3018
_d3018